000 00854nam a2200277Ia 4500
003 OSt
005 20221006160058.0
006 a|||||r|||| 00| 0
007 ta
008 221006b |||||||| |||| 00| 0 eng d
020 _a9780312210915
_cCDN
_115.00
024 _a44,230
037 _bGift, KCC (Window on Korea)
_cTextual
040 _aEASL
_cEASL
_beng
041 _2eng
_aeng
082 _aV4951:194952, N8
100 _aGrinker Roy Richard
_9331108
245 0 _aKorea and its futures
_b unification and the unfinished war
260 _aSeoul
_bYonsei university press
_c1998
300 _a316p.
_ccm.
490 _v KEL
650 _a Korean reunification question
_9659130
650 _aKEL
942 _hV4951:194952, N8
_cTEXL
_2CC
999 _c1112322
_d1112322